Most Viewed Cities on Wikipedia in Each U.S. State And Territory - Statistics

General Stats
  • This quiz has been taken 185 times
  • The average score is 147 of 207
Answer Stats
State or Terrority View/month City % Correct
Alaska 126.1K Anchorage
96%
Massachusetts 336.1K Boston
95%
Louisiana 264.2K New Orleans
95%
Oklahoma 75.7K Oklahoma City
95%
Maine 57.3K Portland
95%
Oregon 185.3K Portland
95%
Pennsylvania 316.9K Philadelphia
94%
Louisiana 70.4K Baton Rouge
93%
Alaska 69.8K Juneau
93%
California 760.1K Los Angeles
93%
Florida 288.3K Miami
93%
California 468.4K San Francisco
93%
Maryland 194.6K Baltimore
92%
Alabama 66.8K Birmingham
92%
Texas 178.1K Dallas
92%
Colorado 191.1K Denver
92%
Texas 241.1K Houston
92%
Mississippi 46.5K Jackson
92%
Wyoming 19.1K Jackson
92%
Florida 110.1K Jacksonville
92%
Florida 138.6K Orlando
92%
Arizona 170.6K Phoenix
92%
Pennsylvania 163.8K Pittsburgh
92%
Utah 144.7K Salt Lake City
92%
California 200.7K San Diego
92%
Georgia 296.5K Atlanta
91%
Texas 162.1K Austin
91%
Illinois 495.1K Chicago
91%
Michigan 284.3K Detroit
91%
Hawaii 153K Honolulu
91%
Arkansas 52.9K Little Rock
91%
Minnesota 155.9K Minneapolis
91%
New York 1326.5K New York
91%
Washington 336.2K Seattle
91%
Ohio 134.9K Cincinnati
90%
Ohio 138.2K Cleveland
90%
Indiana 113K Indianapolis
90%
Kansas 38.8K Kansas City
90%
Missouri 135.7K Kansas City
90%
Nevada 334.5K Las Vegas
90%
Tennessee 124.3K Memphis
90%
Tennessee 165.7K Nashville
90%
California 129.9K San Jose
90%
Florida 101.6K Tampa
90%
Arizona 80.7K Tucson
90%
District of Columbia 693.3K Washington
90%
North Carolina 32.8K Winston-Salem
90%
Idaho 67K Boise
89%
Rhode Island 70.9K Providence
89%
California 132.8K Sacramento
89%
New Mexico 151.5K Albuquerque
88%
New York 112K Buffalo
88%
South Carolina 89.1K Charleston
88%
West Virginia 30K Charleston
88%
North Carolina 135K Charlotte
88%
Ohio 109.2K Columbus
88%
Iowa 70K Des Moines
88%
Alabama 45.9K Mobile
88%
Alabama 45.7K Montgomery
88%
Nebraska 87.4K Omaha
88%
Massachusetts 72.4K Salem
88%
Oregon 34.2K Salem
88%
Texas 117.4K San Antonio
88%
Illinois 38.3K Springfield
88%
Missouri 27.5K Springfield
88%
Oklahoma 73.5K Tulsa
88%
Colorado 65.2K Colorado Springs
87%
Wisconsin 150.1K Milwaukee
87%
Missouri 173K St. Louis
87%
Minnesota 51.6K St. Paul
87%
North Dakota 27.8K Bismarck
86%
Nevada 65.2K Reno
86%
Virginia 81.2K Richmond
86%
New York 73.1K Albany
85%
South Carolina 45.1K Columbia
85%
Texas 98.1K El Paso
85%
Connecticut 54.8K Hartford
85%
Nebraska 35.3K Lincoln
85%
Delaware 9.2K Newark
85%
New Jersey 82.1K Newark
85%
New Mexico 76.9K Santa Fe
85%
Kansas 56.4K Wichita
85%
Wyoming 55.3K Cheyenne
84%
Texas 60.5K Fort Worth
84%
New Jersey 43.3K Jersey City
84%
Kentucky 88.1K Louisville
84%
Wisconsin 55.6K Madison
84%
California 110.9K Oakland
84%
North Carolina 76.8K Raleigh
84%
Puerto Rico 72.8K San Juan
84%
Georgia 74.6K Savannah
84%
Georgia 31.4K Augusta
82%
Maine 19.5K Augusta
82%
Michigan 44.4K Grand Rapids
82%
Florida 63.9K Key West
82%
Tennessee 49.1K Knoxville
82%
Minnesota 18.4K Rochester
82%
New York 58.5K Rochester
82%
Virginia 46.4K Virginia Beach
82%
Montana 39.5K Billings
81%
Maryland 37.7K Annapolis
80%
Delaware 18.9K Dover
80%
Montana 37K Helena
80%
Florida 57.6K Tallahassee
80%
New Hampshire 33.4K Manchester
79%
Vermont 25.3K Montpelier
79%
Connecticut 55.2K New Haven
79%
South Dakota 39.9K Sioux Falls
79%
Washington 70.3K Spokane
79%
Kansas 27.7K Topeka
79%
North Dakota 45K Fargo
77%
Indiana 27.1K Fort Wayne
77%
Pennsylvania 39.4K Harrisburg
77%
New Hampshire 16.5K Concord
76%
Michigan 32.1K Lansing
76%
Kentucky 42.3K Lexington
76%
New York 54.4K Syracuse
76%
Nevada 34.4K Carson City
75%
Ohio 38.2K Dayton
75%
Wisconsin 48.8K Green Bay
75%
Alabama 39.5K Huntsville
75%
South Dakota 16K Pierre
75%
Ohio 47.1K Akron
74%
Oregon 41.7K Eugene
73%
Utah 21.5K Provo
73%
Delaware 42.1K Wilmington
72%
North Carolina 41.3K Wilmington
72%
Virginia 52.8K Arlington
71%
Texas 46.2K Corpus Christi
71%
Vermont 43.1K Burlington
70%
Washington 43K Tacoma
70%
Virginia 40.8K Norfolk
69%
Louisiana 28.6K Shreveport
68%
Tennessee 46.7K Chattanooga
67%
Minnesota 39.7K Duluth
67%
Indiana 53K Gary
67%
Michigan 45.5K Ann Arbor
66%
Colorado 45.3K Boulder
66%
Arizona 40.3K Flagstaff
66%
Florida 68.8K Fort Lauderdale
66%
Rhode Island 30.4K Newport
66%
Iowa 24.1K Cedar Rapids
65%
Arkansas 16.6K Fayetteville
65%
Kentucky 18.7K Frankfort
65%
New York 40.7K Yonkers
65%
New Jersey 65.5K Atlantic City
64%
Massachusetts 102.1K Cambridge
64%
Hawaii 22.8K Hilo
64%
Missouri 19.7K Jefferson City
64%
Pennsylvania 28.7K Allentown
62%
Pennsylvania 58.4K Scranton
62%
Texas 34.9K Amarillo
60%
Iowa 18.1K Iowa City
60%
Georgia 27K Athens
58%
Michigan 49.2K Flint
57%
Maine 23.6K Bangor
55%
Massachusetts 57.4K Nantucket
55%
South Carolina 34.3K Greenville
53%
Georgia 27.6K Macon
52%
Illinois 24.5K Peoria
52%
South Dakota 22.1K Rapid City
52%
Texas 56.9K Waco
52%
Indiana 30.3K South Bend
51%
Alaska 52.3K Utqiagvik
51%
Oklahoma 13.4K Norman
50%
South Carolina 38.4K Myrtle Beach
49%
Connecticut 31.3K Stamford
49%
Montana 33.4K Bozeman
48%
Mississippi 20K Biloxi
47%
Illinois 20.4K Rockford
47%
Arizona 41K Scottsdale
47%
North Carolina 49.1K Asheville
45%
Colorado 45.2K Aspen
45%
Idaho 30.6K Coeur d'Alene
45%
California 84.7K Santa Monica
45%
Utah 26.3K St. George
45%
Wisconsin 25.4K Kenosha
42%
West Virginia 17.1K Huntington
40%
New Hampshire 15.2K Portsmouth
39%
Washington 30.5K Bellevue
38%
Wyoming 19.8K Laramie
35%
West Virginia 15.2K Morgantown
35%
Northern Mariana Islands 89.6K Capitol Hill/Saipan
34%
New York 32.5K Ithaca
34%
American Samoa 16.8K Pago Pago
34%
California 106.2K Beverly Hills
33%
Illinois 23.7K Evanston
32%
California 81.4K Malibu
32%
Hawaii 3.2K Pearl City
32%
Nebraska 7.7K Grand Island
31%
Arkansas 17.9K Bentonville
30%
Rhode Island 7.3K Pawtucket
30%
North Dakota 15.6K Minot
29%
New Jersey 33.3K Princeton
29%
U.S. Virgin Islands 14K Charlotte Amalie
25%
Puerto Rico 11.8K Ponce
25%
Mississippi 25.1K Tupelo
25%
Guam 13.6K Hagåtña
24%
Florida 56K St. Augustine
24%
Maryland 32.4K Bethesda
23%
Idaho 18.4K Moscow
23%
California 90.8K Palo Alto
23%
California 98.7K Compton
19%
New Mexico 35.2K Los Alamos
18%
Vermont 5.6K Rutland
18%
Maryland 17.6K Silver Spring
16%
Puerto Rico 8.7K Bayamón
10%
No matching quizzes found
Score Distribution
Percent of People with Each Score
Percentile by Number Answered
Your Score History
You have not taken this quiz